00422nam a2200145Ia 4500100001700000942000700017654002300024245002200047260003300069082001500102300000800117546001200125999001700137952012200154 aSmith/ M.B.  cBK aOrganic sysnthesis aOrganic Synthesis bMc Graw HillaNew Yorkc1994 a547.2bPAN a617 aENGLISH c29284d29284 001040708CRCaCRCEbCRCEd2023-03-17eglobal booksg958.40l0o547.2 PANp7038r2023-03-17v958.40w0000-00-00yBK